[Event "NC Open"]
[Site "?"]
[Date "2008.11.02"]
[Round "5"]
[White "McNeill, Jonathon"]
[Black "Parrish, Jacob"]
[Result "0-1"]
[WhiteElo "1914"]
[BlackElo "1887"]
[Annotator "Rybka 3 (90s)"]
[PlyCount "98"]
[EventDate "11.??.??"]
[SourceDate "2006.11.11"]

{B26: Closed Sicilian: 3 g3, lines with early Be3} 1. e4 c5 2. Nc3 d6 3. g3 (3.
Nf3 Nc6 $11) 3... g6 4. Bg2 Bg7 5. d3 Nc6 6. Be3 e6 {Controls d5} (6... Nf6 7.
Nf3 $11) 7. Qd2 (7. Nf3 Nd4 $11) 7... Nge7 (7... Nf6 8. h3 $11) 8. Bh6 {
White threatens to win material: Bh6xg7} O-O 9. Nge2 Nd4 10. Bxg7 Kxg7 11. h4
Nxe2 12. Nxe2 h5 13. O-O-O e5 14. Rdf1 Ng8 (14... Nc6 15. f4 $14) 15. Nc3 (15.
f4 Nf6 $14) 15... Be6 (15... Nf6 16. f4 $11) 16. Bh3 (16. f4 Nf6 $14) 16... Nh6
(16... Bxh3 17. Rxh3 b5 18. f4 $14) 17. Bxe6 (17. f4 Bxh3 18. Rxh3 f5 $14)
17... fxe6 $14 {Black has new doubled pawns: e5+e6} 18. Nd1 Rf3 (18... Qe7 19.
f3 $14) 19. Ne3 (19. Qe2 Qf6 20. Ne3 b5 $14) 19... b5 (19... Qd7 20. Qd1 Raf8
21. Nf5+ Nxf5 22. Qxf3 Nxh4 23. Qe3 $11) 20. Qe2 $14 {
White threatens to win material: Qe2xf3} Qf6 21. Nf5+ {Decoy: f3} Rxf5 (21...
exf5 22. Qxf3 {Decoy} (22. Qxf3 {Interception})) (21... gxf5 22. Qxf3 {Decoy} (
22. Qxf3 {Interception})) (21... Nxf5 22. Qxf3 {Decoy} (22. Qxf3 {Interception}
)) 22. exf5 exf5 {White wins the exchange} 23. Qf3 Rf8 (23... Rb8 24. Qc6 Qd8
25. f3 $14) 24. Re1 (24. Qb7+ Qf7 25. Qc6 Qe6 $16) 24... Qf7 (24... Ng4 25. Kb1
$14) 25. Kb1 (25. Qc6 Rd8 $16) 25... Rc8 26. Re2 Ng4 {
Begins the manoeuvre Nh6-g4-f6-d5-b4-c6-a5-b3} 27. Rhe1 Nf6 28. Qg2 Nd5 29. f4
{White threatens to win material: f4xe5} Nb4 (29... exf4 $2 {fails because of}
30. c4 Ne3 31. Qf3 $18) 30. b3 c4 $2 (30... Nd5 $142 {
and Black can hope to live} 31. Kc1 Nc3 (31... exf4 $143 32. Qf3 fxg3 33. c4
$16) 32. fxe5 Nxe2+ 33. Rxe2 dxe5 34. Rxe5 Kf6 $11) 31. dxc4 $18 e4 32. a3 (32.
cxb5 $6 Nd5 33. c4 Nc3+ 34. Ka1 Nxe2 35. Qxe2 d5 $11) 32... Nc6 33. c3 $4 {
White is ruining his position} (33. Rd2 $142 bxc4 34. Rxd6 cxb3 35. cxb3 Qxb3+
36. Qb2+ Qxb2+ 37. Kxb2 $18) 33... Na5 {Black threatens to win material: Na5xb3
} (33... bxc4 34. Rd2 Qf6 35. Qe2 $11) 34. Rb2 (34. Rd1 Nxb3 35. cxb5 Nc5 $11)
34... bxc4 $15 35. b4 {White threatens to win material: b4xa5} Nb3 {
A beautiful square!} 36. Rd1 d5 37. Qf2 a5 (37... Kh6 $5 $15) 38. Qb6 axb4 39.
axb4 {White has a new protected passed pawn: b4.} ({Weaker is} 39. Qxb4 Kh6 40.
Qd6 d4 41. Rxb3 cxb3 42. Qxd4 Re8 $15) 39... Kh6 $4 {Black has let it slip away
} (39... Re8 $142 $11 {was possible}) 40. Ra2 $18 Rc7 41. Ra8 Qg7 $2 (41... Re7
42. Rh8+ Kg7 $18) 42. Ra6 (42. g4 $142 {keeps an even firmer grip} Rb7 43. Rh8+
Qxh8 44. g5+ Kh7 45. Qxb7+ Qg7 46. Qxg7+ Kxg7 $18) 42... d4 $4 {
letting the wind out of his own sails} (42... Nc5 43. Ra8 Nb3 44. g4 $18) 43.
cxd4 (43. g4 $142 {and White takes home the point} e3 44. gxf5 Nd2+ 45. Kb2 $18
) 43... e3 $11 {Is this a dangerous pawn?} 44. Qe6 {
White threatens to win material: Qe6xf5} Nd2+ {Menacing} 45. Kc2 Re7 {
Black threatens to win material: Re7xe6} 46. Qxf5 e2 $4 {
throws away a nice position} (46... Ra7 $142 {was necessary} 47. Qg5+ Kh7 $11)
47. Qg5+ $18 Kh7 48. Re1 (48. f5 Qf8 49. Qxg6+ (49. Rxd2 e1=Q 50. Qxg6+ Kh8 51.
Qxh5+ Rh7 $11) (49. Qxd2 $4 {capturing the knight is not a good idea} Qxf5+ (
49... exd1=Q+ $6 {is impossible} 50. Qxd1 (50. Kxd1 Qxf5 51. Kc1 c3 52. Qxc3
Qf1+ 53. Kb2 Qxa6 $19) 50... Qxf5+ 51. Kb2 $15) 50. Kc1 c3 51. Qxc3 exd1=Q+ 52.
Kxd1 Qf1+ 53. Kc2 Qxa6 $19) (49. Kxd2 {succumbs to} c3+ 50. Ke1 exd1=N+ 51.
Kxd1 c2+ 52. Kxc2 Qxf5+ 53. Qxf5 gxf5 $18) 49... Kh8 50. Qxh5+ (50. Rxd2 $6 {
is easily refuted} e1=Q 51. Qxh5+ Rh7 $11) 50... Rh7 51. Qxe2 Qxf5+ 52. Kxd2
$18) 48... Nf3 $19 49. Rxg6 Qxg6+ (49... Qxg6+ 50. Qxg6+ Kxg6 $19) 0-1

[Event "NC Open"]
[Site "?"]
[Date "2008.11.02"]
[Round "4"]
[White "Xin, Samuel L"]
[Black "McNeill, Jonathon"]
[Result "0-1"]
[WhiteElo "1967"]
[BlackElo "1914"]
[Annotator "Rybka 3 (90s)"]
[PlyCount "80"]
[EventDate "11.??.??"]
[SourceDate "2006.11.11"]

{B01: Scandinavian Defence} 1. e4 d5 (1... e5 2. Nf3 $14) 2. exd5 Qxd5 {
White king safety dropped} 3. Nc3 {White threatens to win material: Nc3xd5} Qd6
4. d4 {Black is behind in developement. Black's piece can't move: f8} Nf6 5.
Nf3 (5. Bc4 Be6 6. d5 Bf5 $14) 5... a6 {Consolidates b5} (5... g6 6. Bb5+ c6 7.
Bc4 $14) 6. g3 (6. Bc4 Be6 7. d5 Bf5 $11) 6... b5 (6... Bg4 $5 $11 {
should be examined more closely}) 7. Bg2 Bb7 8. O-O e6 {
Prevents intrusion on d5} 9. Bf4 {White threatens to win material: Bf4xd6} (9.
Ne5 Bxg2 10. Kxg2 c6 $16) 9... Qb6 10. Re1 (10. a4 Bd6 $14) 10... Be7 11. Qd2 (
11. a4 O-O $14) 11... O-O 12. a4 {White has an active position} b4 {
Black threatens to win material: b4xc3} 13. Ne2 (13. Nd1 Nc6 $11) 13... Bd5 (
13... Be4 14. Be5 $11) 14. Rac1 (14. c4 bxc3 15. Nxc3 Nc6 $11) 14... Qb7 15.
Qd3 (15. Qe3 c5 16. h3 cxd4 17. Nexd4 Nc6 18. Nxc6 Qxc6 $11) 15... Nbd7 16.
Red1 (16. c4 $5 {is worth looking at} Be4 17. Qe3 $15) 16... c5 $17 17. Ne1 c4
(17... Bxg2 $5 18. Nxg2 cxd4 19. Nxd4 Nc5 $17) 18. Bxd5 $15 exd5 ({Inferior is
} 18... Nxd5 19. Qxc4 N7b6 20. Qb3 $11) 19. Qe3 {
White threatens to win material: Qe3xe7} Rfe8 20. Nf3 (20. Ng2 Qc6 $15) 20...
Ne4 (20... Bd6 $142 21. Be5 Ng4 $17) 21. b3 $2 (21. Ra1 $142 $5 $15 {
would allow White to play on}) 21... Bf8 $19 22. Ne5 (22. Re1 $142 $19) 22...
f6 $4 {releasing the pressure on the opponent} (22... Nxe5 $142 {
and Black gets the upper hand} 23. dxe5 f6 $19) 23. Nxd7 $17 Nc3 (23... Qxd7
24. Qf3 $17) 24. Ne5 fxe5 (24... Nxd1 25. Rxd1 cxb3 26. cxb3 $15) 25. Bxe5 {
The white bishop on an outpost} (25. dxe5 $5 Nxd1 26. Rxd1 $15) 25... Nxd1 $17
26. Rxd1 cxb3 27. cxb3 Rac8 28. Qf3 Qf7 29. Qd3 Rc6 30. Kg2 Rec8 31. Rb1 (31.
h4 Qg6 $17) 31... Be7 (31... g6 $142 $17) 32. Nf4 $2 (32. h4 Qg6 33. Qxg6 hxg6
$17 (33... Rxg6 $6 34. Nf4 $11)) 32... Rc3 {
Black threatens to win material: Rc3xd3} (32... g5 33. Ne2 Qg6 34. Qxg6+ hxg6
35. Kf1 $19) 33. Qxa6 $2 (33. Qe2 $142 $15 {
and White could well hope to play on}) 33... g5 $19 34. Ne2 (34. Re1 gxf4 35.
Bxf4 Bf6 $19) 34... Qf3+ 35. Kg1 R3c6 36. Qb7 (36. Qb5 Rc2 37. Rf1 Qxe2 (37...
Rxe2 $143 38. Qd7 Rf8 39. Qxe7 $16) 38. Qxd5+ Kf8 $19) 36... Kf7 (36... Qxe2 $6
{is clearly inferior} 37. Qxe7 Rc1+ 38. Rxc1 Rxc1+ 39. Kg2 Qe4+ 40. Kh3 Qf5+
41. Kg2 Qe4+ 42. Kh3 Qf5+ 43. Kg2 Qe4+ $11) 37. Re1 (37. Qd7 {
does not solve anything} Qxe2 38. Qxd5+ Kf8 $19) 37... Rc2 38. Qb5 (38. Rf1 {
is no salvation} R8c6 (38... Qxe2 $6 39. Qxd5+ Kf8 40. Bd6 $19) 39. Qd7 Qxe2
40. Qxd5+ Kf8 $19) 38... h5 (38... Ra2 39. Rf1 Rcc2 $19 (39... Rxe2 $143 40. g4
$19) (39... Qxe2 $6 {is easily refuted} 40. Qxd5+ Kf8 41. Qe6 $15)) 39. a5 (39.
g4 {praying for a miracle} Qxg4+ 40. Ng3 $19) 39... h4 40. a6 h3 (40... h3 41.
Qxd5+ Qxd5 42. f3 Rxe2 43. g4 Rxe1+ 44. Kf2 Rcc1 45. Bf6 Rf1+ 46. Ke2 Qxf3+ 47.
Kd2 Rfd1#) 0-1

[Event "NC Open"]
[Site "?"]
[Date "2008.11.01"]
[Round "3"]
[White "Huang, Kevin"]
[Black "McNeill, Jonathon"]
[Result "0-1"]
[WhiteElo "1982"]
[BlackElo "1914"]
[Annotator "Rybka 3 (90s)"]
[PlyCount "102"]
[EventDate "11.??.??"]
[SourceDate "2006.11.11"]

{E18: Queen's Indian: Old Main Line (4 g3 Bb7 5 Bg2 Be7 6 0-0 0-0 7 Nc3)} 1. c4
(1. e4 e5 $11) 1... e6 (1... e5 2. Nc3 $11) 2. Nf3 Nf6 3. g3 Be7 4. Bg2 d5 5.
d4 O-O 6. O-O b6 (6... dxc4 7. Ne5 $11) 7. Nc3 Bb7 8. b3 (8. cxd5 exd5 9. Ne5
h6 $14) 8... c5 9. Bb2 (9. dxc5 bxc5 10. Ne1 Qd7 $11) 9... dxc4 $11 10. bxc4 (
10. dxc5 cxb3 11. Qxd8 Rxd8 12. cxb6 bxa2 13. bxa7 Rxa7 14. Nxa2 Nc6 $11) 10...
cxd4 $15 11. Nb5 {White threatens to win material: Nb5xd4} Nbd7 (11... a6 12.
Nbxd4 Qc7 13. Rc1 $15) 12. Qxd4 ({Not} 12. Nfxd4 Bxg2 13. Kxg2 Qc8 $17) 12...
Bc5 {A comfortable square for the black bishop} (12... Qb8 13. Bc1 $11) 13. Qc3
(13. Qf4 Nh5 14. Qg4 Nhf6 $11) 13... a6 $15 14. Nbd4 Ne4 {
Black threatens to win material: Ne4xc3} (14... Qc7 15. Rad1 $15) 15. Qc2 Qc7
16. e3 {Prevents intrusion on d4} (16. Nb3 Bd6 $15) 16... Rfe8 (16... Rfd8 17.
Rfd1 $15) 17. Rfd1 f6 {Consolidates e5+g5} 18. Bh3 (18. Ne2 Rad8 $15) 18... Nf8
19. Nd2 {White threatens to win material: Nd2xe4} (19. Bg2 Nd6 $15) 19... Ng5 (
19... Nxd2 20. Rxd2 e5 21. Ne2 $17) 20. Bg2 $15 Bxg2 21. Kxg2 {
White king safety dropped} Qb7+ (21... e5 22. N4b3 $15) 22. f3 {Secures e4} (
22. e4 $5 $15) 22... e5 $17 23. Nf5 g6 24. Nh6+ Kg7 {
Black threatens to win material: Kg7xh6} 25. Ng4 (25. h4 Nxf3 (25... Kxh6 $143
26. hxg5+ fxg5 27. Ne4 $16) 26. Qe4 Ra7 27. Qxf3 Qxf3+ 28. Kxf3 Kxh6 $15) 25...
h5 $17 26. Nf2 Bxe3 27. Nde4 Bxf2 28. Kxf2 (28. Nxg5 Bc5 (28... fxg5 $6 29.
Kxf2 Rac8 30. Rd6 $11) 29. Ne4 Ne6 $17) 28... Nxe4+ 29. Qxe4 Qxe4 30. fxe4 Red8
31. Ke3 (31. Ba3 Ne6 $17) 31... Ne6 32. Rd5 Nc7 33. Rxd8 Rxd8 34. Bc3 (34. a4
Ne8 $17) 34... Ne6 $19 35. Rb1 (35. Rc1 a5 36. Rc2 Kf7 $19) 35... Rd6 (35...
Nc5 $5 36. Bd2 Rd6 37. Bb4 Rd3+ 38. Ke2 $19) 36. Bb4 Rc6 37. Kd3 f5 38. Re1 $2
(38. a4 $142 $5 $17) 38... f4 $19 39. Bc3 (39. gxf4 Nxf4+ 40. Kc3 a5 $19) 39...
Kf6 40. Bb4 g5 41. Rf1 (41. Rb1 g4 $19) 41... g4 (41... Rc7 $142 {
makes it even easier for Black} 42. gxf4 Rd7+ 43. Ke2 Nxf4+ 44. Kf2 $19) 42.
gxf4 (42. Rb1 $19 {desperation}) 42... Nxf4+ 43. Kc3 a5 44. Bf8 Kf7 45. Ba3 b5
46. Bc1 (46. c5 {cannot undo what has already been done} Ke6 47. Kb3 Nd3 $19)
46... Rxc4+ 47. Kb3 (47. Kd2 {doesn't change the outcome of the game} Rxe4 48.
Kd1 Ke6 $19) 47... Rxe4 (47... a4+ $142 {seems even better} 48. Kb2 Rxe4 49.
Kc3 $19) 48. Bxf4 (48. Bd2 {does not solve anything} a4+ 49. Kc2 Ke6 $19) 48...
exf4 49. Rc1 (49. Kc3 {cannot change what is in store for ?} f3 50. Rh1 b4+ 51.
Kb3 Re2 $19) 49... Re5 (49... Re3+ $142 {ends the debate} 50. Kc2 Rh3 51. a3
$19) 50. Rc7+ Kf6 51. Rc6+ (51. Rc1 {does not win a prize} Re3+ 52. Kc2 Rh3 $19
) 51... Kf5 (51... Kf5 $19) 0-1

[Event "NC Open"]
[Site "?"]
[Date "2008.11.01"]
[Round "2"]
[White "McNeill, Jonathon"]
[Black "Alston, Tom"]
[Result "0-1"]
[WhiteElo "1914"]
[BlackElo "2017"]
[Annotator "Rybka 3 (90s)"]
[PlyCount "46"]
[EventDate "2008.11.01"]
[EventRounds "5"]
[EventCountry "USA"]
[SourceDate "2006.11.11"]

{B26: Closed Sicilian: 3 g3, lines with early Be3} 1. e4 c5 2. Nc3 Nc6 3. g3 (
3. Nf3 e6 $11) 3... Nf6 4. Bg2 g6 5. d3 Bg7 6. Be3 d6 {Controls c5} 7. h3 {
Covers g4} O-O 8. Qd2 Rb8 9. Nge2 b5 10. Bh6 (10. a3 Qb6 $11) 10... b4 {
Black threatens to win material: b4xc3} 11. Nd1 (11. Nd5 Bxh6 12. Qxh6 e6 $11)
11... d5 (11... Bxh6 12. Qxh6 Nd4 13. Ne3 $15) 12. Bxg7 $11 Kxg7 13. f4 (13.
exd5 $142 $5 {is a viable option} Nxd5 14. Ne3 Nxe3 15. Qxe3 $15) 13... dxe4
$17 14. dxe4 Qxd2+ 15. Kxd2 Rd8+ 16. Ke3 Ba6 17. Re1 Nd4 18. Nxd4 cxd4+ (18...
Rxd4 $6 19. Nf2 $11) 19. Kd2 Nh5 (19... d3 $142 20. c3 bxc3+ 21. bxc3 e5 $19)
20. a3 $2 (20. Bf3 $142 Nxg3 21. Nf2 $17) 20... b3 $19 21. Rc1 Nxg3 (21... bxc2
$142 {might be the shorter path} 22. Rxc2 Rb3 $19) 22. Bf3 $2 (22. h4 $19)
22... Nf1+ 23. Rxf1 Bxf1 0-1

[Event "NC Open"]
[Site "?"]
[Date "2008.10.31"]
[Round "1"]
[White "McNeill, Jonathon"]
[Black "Myers, Dominique"]
[Result "1-0"]
[WhiteElo "1914"]
[BlackElo "1937"]
[Annotator "Rybka 3 (90s)"]
[PlyCount "135"]
[EventDate "2008.11.01"]
[EventRounds "5"]
[EventCountry "USA"]
[SourceDate "2006.11.11"]

{C50: Hungarian Defence and Giuoco Pianissimo} 1. e4 e5 2. Nf3 {
White threatens to win material: Nf3xe5} Nc6 3. Bc4 (3. Bb5 Nge7 $11) 3... Nf6
(3... Bc5 4. d3 $11) 4. d4 (4. Ng5 d5 5. exd5 Na5 6. Bb5+ c6 7. dxc6 bxc6 $14)
4... exd4 $11 ({Instead of} 4... Nxe4 5. dxe5 Nc5 6. O-O $14) 5. O-O d6 {
Secures e5} (5... Nxe4 6. Re1 d5 7. Bxd5 Qxd5 8. Nc3 $11) 6. Nxd4 Be7 {
White has a very active position} ({Not} 6... Nxe4 7. Re1 d5 8. Nxc6 bxc6 9.
Rxe4+ Be7 10. Rd4 $16) 7. Nc3 O-O {Black castles and improves king safety} 8.
Re1 (8. h3 Ne5 9. Bb3 Qd7 $14) 8... Ng4 (8... Ne5 9. Be2 $14) 9. Nd5 {
Black has a cramped position} (9. Nf5 Bxf5 10. exf5 Nf6 $14) 9... Bh4 $11 {
Black threatens to win material: Bh4xf2} 10. g3 {
White threatens to win material: g3xh4} Nce5 (10... Nxd4 11. Qxd4 Ne5 12. Be2
$11) 11. Be2 $14 (11. gxh4 $2 {looks attractive, but} Qxh4 (11... Nxc4 $6 12.
f3 c6 13. fxg4 cxd5 14. exd5 $15) 12. Bf4 Qxf2+ (12... Nxc4 $6 13. Qe2 Nge5 14.
Bg3 $15) 13. Kh1 Qxf4 14. Nxf4 Nf2+ 15. Kg2 Nxd1 16. Raxd1 Nxc4 $19) 11... c6 {
Black threatens to win material: c6xd5} 12. Nc3 ({Less advisable is} 12. gxh4
Qxh4 (12... cxd5 $6 13. f3 $11) 13. Ne7+ Qxe7 $17) 12... c5 $4 (12... Bf6 $142
$14 {and Black has air to breath}) 13. Ndb5 (13. Nf5 $5 {
might be the shorter path} Bxf5 14. exf5 Nxf2 15. Kxf2 Bf6 $18) 13... Be7 14.
f4 a6 15. Na3 c4 (15... b5 16. Nd5 $18) 16. Nd5 Be6 $2 (16... b5 $142 17. fxe5
Nxe5 $18) 17. fxe5 Nxe5 18. Nxc4 b5 (18... Re8 19. Ncb6 Rb8 20. Qd4 $18) 19.
Nxe5 (19. Nxe7+ Qxe7 20. Qxd6 Qxd6 (20... Bxc4 $4 {
Black must leave the knight standing} 21. Qxe7 Ng6 22. Qc5 $18) 21. Nxd6 Rfd8
$18) 19... dxe5 20. Nxe7+ (20. Be3 {makes it even easier for White} Bxd5 21.
Qxd5 Qc7 $18) 20... Qxe7 21. Bf3 Rad8 22. Qe2 Bc4 (22... Rd6 23. Be3 Rc6 24. c3
$18) 23. Qf2 h5 (23... Be6 24. Be3 Rc8 25. a3 $18) 24. Be3 Rc8 25. c3 (25. Bxh5
{keeps an even firmer grip} Be6 $18) 25... g6 26. b4 Rfd8 27. Bc5 Qe6 28. Red1
Bd3 (28... Qc6 {hardly improves anything} 29. Bg2 $18) 29. Rd2 (29. Qe3 $142 {
seems even better} Bc2 30. Rd5 $18) 29... Rd7 (29... Bc4 {
otherwise it's curtains at once} 30. Rad1 Qe8 $18) 30. Rad1 Rcd8 31. Qe3 (31.
Bb6 $142 {nails it down} Rb8 32. Ba5 $18) 31... Bc4 32. Rxd7 (32. Qg5 {
and White can already relax} Rxd2 33. Rxd2 Rxd2 34. Qxd2 Qf6 $18) 32... Rxd7
33. Rxd7 Qxd7 34. Be2 Bxa2 35. Qd3 (35. Qg5 {might be the shorter path} Qc7 $18
) 35... Qc6 (35... Qxd3 36. Bxd3 f6 37. Kf2 $18) 36. Bf3 (36. Qd8+ $5 {
makes it even easier for White} Kh7 37. Bf3 Bb3 $18) 36... Qf6 37. Kg2 Bc4 (
37... Kg7 {doesn't change anything anymore} 38. h4 $18) 38. Qd6 Qg5 (38... Qxd6
{doesn't improve anything} 39. Bxd6 f6 40. g4 hxg4 41. Bxg4 $18) 39. Qd1 (39.
Be2 $142 $1 {and White has reached his goal} Be6 40. h4 Qf6 $18) 39... Qf6 40.
Be3 Qc6 (40... Kh7 $18) 41. Qd8+ Kh7 42. Bg5 Kg7 43. Bh6+ (43. Be7 {
keeps an even firmer grip} Ba2 $18) 43... Kh7 44. Bf8 Be6 (44... Bb3 {
is not much help} 45. Qg5 Kg8 46. Qh6 $18) 45. Bc5 (45. Qg5 $142 {
and White can already relax} Bh3+ 46. Kxh3 Qc8+ 47. Kg2 Qxf8 48. Qxe5 Kg8 $18)
45... Bc8 (45... Bg4 {a fruitless try to alter the course of the game} 46. Qd6
Qd7 47. Bxg4 (47. Qxe5 $143 Qd2+ 48. Bf2 Qd3 $18) 47... Qxg4 48. Qxe5 Qe2+ 49.
Bf2 $18) 46. Qd6 (46. Be7 {seems even better} Qxc3 47. Bf6 Qb2+ 48. Kg1 Qc1+
49. Kf2 Qb2+ 50. Be2 Qd4+ 51. Qxd4 exd4 52. Bxd4 Kg8 $18) 46... Qe8 47. Qe7 Qd7
48. Qxd7 Bxd7 49. Be2 (49. Bd1 {keeps an even firmer grip} Kg7 $18) 49... Bc6 (
49... Be6 50. h3 $18) 50. Kf3 f5 (50... Kg7 {is not the saving move} 51. Bd1
$18) 51. Bd3 Kg7 52. Ke3 Kf6 53. c4 (53. Bb6 {might be the shorter path} Ke6
$18) 53... Bd7 (53... h4 {does not help much} 54. gxh4 bxc4 55. Bxc4 f4+ 56.
Kf3 $18) 54. Bb6 Bc6 (54... bxc4 {cannot undo what has already been done} 55.
Bd8+ Kg7 56. Bxc4 $18) 55. c5 Bb7 56. Bd8+ Ke6 57. exf5+ gxf5 58. Be2 Kd7 59.
Bh4 Bd5 60. Bxh5 a5 (60... Ke6 {doesn't get the cat off the tree} 61. Be8 $18)
61. bxa5 b4 62. Kd2 (62. Bf6 {makes it even easier for White} Ke6 63. Bg7 b3
$18) 62... Kc6 (62... f4 {is no salvation} 63. gxf4 exf4 64. a6 $18) 63. Be7 f4
(63... b3 {doesn't do any good} 64. a6 Kb5 65. a7 $18) 64. Be8+ Kc7 (64... Kb7
{doesn't change the outcome of the game} 65. Bd6 $18) 65. gxf4 (65. Bd6+ $5 {
and White can already relax} Kb7 66. gxf4 exf4 67. Bxf4 b3 $18) 65... exf4 66.
Bb5 f3 67. Bh4 b3 68. Kc3 (68. Kc3 Be4 69. a6 $18) 1-0

[Event "NCO 08"]
[Site "?"]
[Date "2008.11.02"]
[Round "4"]
[White "Hales, Wiliam"]
[Black "Balenstine, Aaron"]
[Result "1-0"]
[WhiteElo "1631"]
[BlackElo "1626"]
[Annotator "Rybka 3 (60s)"]
[PlyCount "35"]
[SourceDate "2006.11.11"]

{B22: Sicilian: 2 c3} 1. e4 c5 2. d4 (2. Nc3 Nc6 $11) 2... cxd4 $11 3. c3 {
White threatens to win material: c3xd4} (3. Qxd4 Nc6 4. Qd3 Nf6 $11) 3... Nc6 (
3... dxc3 4. Nxc3 d6 5. Nf3 $11) 4. cxd4 d5 5. exd5 Qxd5 6. Nf3 {
White has an active position} Bf5 $2 (6... e5 $142 $5 {is an interesting idea}
7. Nc3 Bb4 $14) 7. Nc3 $16 Qd8 (7... Qa5 $5 8. d5 Nb8 $16) 8. d5 $18 Nb8 9. Qb3
Qc8 $2 (9... Nd7 $142 10. Qxb7 Qc8 11. Qxc8+ Rxc8 $18) 10. Bf4 a6 (10... Nd7
11. Nb5 e5 12. Nxe5 Bc2 $18) 11. Rc1 Nd7 12. Nb5 Nc5 (12... Qxc1+ {
doesn't get the cat off the tree} 13. Bxc1 axb5 14. Bxb5 $18) 13. Rxc5 $1 {
Double attack: a8/e8} Qxc5 14. Nc7+ Kd8 15. Nxa8 e5 16. Nxe5 Qe7 (16... Qb4+ {
is still a small chance} 17. Kd1 Bg6 18. Qxb4 Bxb4 $18) 17. d6 $1 {
Deflection: d6} Qe8 (17... Qxd6 18. Nxf7+ {Double attack} (18. Qxf7 {
Discovered attack}) (18. Qxf7 {Deflection}) (18. Nxf7+ {Decoy})) (17... -- 18.
dxe7+ {Mate threat}) 18. Qb6+ (18. Qb6+ Kc8 19. Qc7#) 1-0

[Event "NCO 08"]
[Site "?"]
[Date "2008.11.02"]
[Round "5"]
[White "Maynard, Stephen"]
[Black "Hales, William"]
[Result "0-1"]
[WhiteElo "1602"]
[BlackElo "1631"]
[Annotator "Rybka 3 (60s)"]
[PlyCount "82"]
[SourceDate "2006.11.11"]

{B12: Caro-Kann: Advance Variation} 1. e4 c6 {Secures b5} (1... e5 2. Nf3 $14)
2. d4 d5 3. f3 {Covers g4} (3. e5 Bf5 $11) 3... e6 4. Be3 Qb6 {
Black threatens to win material: Qb6xb2} 5. Qc1 c5 6. c3 (6. dxc5 Bxc5 7. Bxc5
Qxc5 $11) 6... Nc6 7. exd5 exd5 8. Ne2 Nf6 9. Nd2 (9. Kf2 Bd7 $11) 9... cxd4 (
9... a5 10. a4 $11) 10. Nxd4 $11 {Black has an active position} Bc5 {
Black threatens to win material: Bc5xd4} (10... Be7 11. N2b3 Qd8 12. Bd3 $14)
11. Bb5 (11. N2b3 Bxd4 12. Nxd4 O-O $14) 11... Bxd4 12. Bxc6+ bxc6 13. Bxd4 c5
14. Bxf6 Qxf6 15. O-O {White castles and improves king safety} O-O {
Black castles and improves king safety} 16. Nb3 Qb6 (16... Ba6 17. Rd1 Qc6 18.
Qd2 $11) 17. Qe3 $14 {White threatens to win material: Qe3xc5} Ba6 {
Black threatens to win material: Ba6xf1} 18. Rfe1 (18. Rfd1 $5 $14 {
should be considered}) 18... Rac8 $11 19. Rad1 {
White threatens to win material: Rd1xd5} Bc4 20. Nd2 (20. Rd2 $5 $11 {
must definitely be considered}) 20... Bxa2 $17 21. b4 d4 22. cxd4 $2 (22. bxc5
$5 dxe3 23. cxb6 exd2 24. Rxd2 $17) 22... cxd4 (22... cxb4 $5 23. Ne4 $19) 23.
Qa3 $17 Rc2 24. Ne4 $2 (24. Qa5 d3+ 25. Qxb6 axb6 $17) 24... Bd5 $4 {
gives the opponent new chances} (24... d3+ $142 $5 25. Kh1 Bc4 $19) 25. Qd3 (
25. Qa5 Qxa5 26. bxa5 Ra2 $15) 25... Rc4 $17 26. b5 (26. Nc5 Rd8 $17) 26... f5
(26... Rd8 27. Ng5 g6 28. Ne4 $17) 27. Ng3 g6 28. Ne2 (28. Qd2 Bf7 $19) 28...
Qxb5 (28... Rd8 $5 $19) 29. Nxd4 $17 Qc5 (29... Qb6 30. Qb3 $17) 30. Kh1 $15
Rc3 {Black threatens to win material: Rc3xd3} (30... Bf7 31. Ne6 Bxe6 32. Rxe6
$15) 31. Qb5 (31. Qd2 Bf7 32. Ne6 Bxe6 33. Rxe6 Kg7 $11) 31... Bf7 $15 32. Qxc5
Rxc5 33. Ra1 (33. Ne6 $5 Bxe6 34. Rxe6 $15) 33... Ra8 34. Kg1 (34. Ne6 Bxe6 35.
Rxe6 a5 $17) 34... Kf8 (34... a5 $142 $19) 35. Re6 $4 {
causes even greater problems} (35. Ne6+ $142 Bxe6 36. Rxe6 $17) 35... Rd5 $19
36. Ra4 (36. Rea6 {desperation} Rxd4 37. Rxa7 Rxa7 38. Rxa7 $19) 36... Rxd4 37.
Rxd4 Bxe6 38. Rd6 Ke7 39. Ra6 Bc8 40. Rc6 (40. Ra5 {cannot change destiny} a6
$19) 40... a5 41. Rc7+ (41. Rc3 {is not the saving move} a4 42. Ra3 Kd6 $19)
41... Bd7 (41... Bd7 42. Rc1 a4 $19) 0-1